<?xml version="1.0" encoding="UTF-8"?>
<record
    xmlns:xsi="http://www.w3.org/2001/XMLSchema-instance"
    xsi:schemaLocation="http://www.loc.gov/MARC21/slim http://www.loc.gov/standards/marcxml/schema/MARC21slim.xsd"
    xmlns="http://www.loc.gov/MARC21/slim">

  <leader>04599nam a2200457 a 4500</leader>
  <controlfield tag="001">dia_2987</controlfield>
  <controlfield tag="003">CHAP</controlfield>
  <controlfield tag="005">20250625175203.0</controlfield>
  <controlfield tag="007">ta</controlfield>
  <controlfield tag="008">220117s1976    sp ado fr     001 0 spa d</controlfield>
  <datafield tag="010" ind1=" " ind2=" ">
    <subfield code="a">173491</subfield>
  </datafield>
  <datafield tag="020" ind1=" " ind2=" ">
    <subfield code="a">84-200-0386-7</subfield>
  </datafield>
  <datafield tag="040" ind1=" " ind2=" ">
    <subfield code="c">CHAP</subfield>
    <subfield code="a">mxchpua</subfield>
    <subfield code="e">rda</subfield>
  </datafield>
  <datafield tag="041" ind1=" " ind2=" ">
    <subfield code="a">spa</subfield>
    <subfield code="b">spa</subfield>
    <subfield code="f">spa</subfield>
    <subfield code="h">eng</subfield>
  </datafield>
  <datafield tag="050" ind1="1" ind2=" ">
    <subfield code="a">TX556.M4 </subfield>
    <subfield code="b">.C54 1976</subfield>
  </datafield>
  <datafield tag="082" ind1=" " ind2=" ">
    <subfield code="2">20</subfield>
    <subfield code="a">664.92 </subfield>
    <subfield code="b">C54 1976</subfield>
  </datafield>
  <datafield tag="240" ind1="1" ind2="0">
    <subfield code="a">Science of meat and meat products.</subfield>
    <subfield code="l">Espa&#xF1;ol</subfield>
  </datafield>
  <datafield tag="245" ind1="1" ind2="0">
    <subfield code="a">Ciencia de la carne y de los productos c&#xE1;rnicos /</subfield>
    <subfield code="c">editores J. F. Price y B. S. Schweigert ; traductor A. Marcos Barrado</subfield>
  </datafield>
  <datafield tag="250" ind1=" " ind2=" ">
    <subfield code="a">1a edici&#xF3;n</subfield>
  </datafield>
  <datafield tag="264" ind1=" " ind2=" ">
    <subfield code="a">Zaragoza, Espa&#xF1;a :</subfield>
    <subfield code="b">Acribia,</subfield>
    <subfield code="c">1976</subfield>
  </datafield>
  <datafield tag="300" ind1=" " ind2=" ">
    <subfield code="a">x, 668 p&#xE1;ginas :</subfield>
    <subfield code="b">ilustraciones, gr&#xE1;ficas, diagramas, tablas, fotos</subfield>
  </datafield>
  <datafield tag="336" ind1=" " ind2=" ">
    <subfield code="2">rdacontent</subfield>
    <subfield code="a">texto</subfield>
    <subfield code="b">txt</subfield>
  </datafield>
  <datafield tag="337" ind1=" " ind2=" ">
    <subfield code="2">rdamedia</subfield>
    <subfield code="a">no mediado</subfield>
    <subfield code="b">n</subfield>
  </datafield>
  <datafield tag="338" ind1=" " ind2=" ">
    <subfield code="2">rdacarrier</subfield>
    <subfield code="a">volumen</subfield>
    <subfield code="b">nc</subfield>
  </datafield>
  <datafield tag="504" ind1=" " ind2=" ">
    <subfield code="a">Incluye bibliograf&#xED;as</subfield>
  </datafield>
  <datafield tag="505" ind1="0" ind2=" ">
    <subfield code="a">PARTE 1: CIENCIA B&#xC1;SICA DE LA CARNE --


</subfield>
    <subfield code="t">1. Introducci&#xF3;n /</subfield>
    <subfield code="r">J. F. Price y B. S. Schweigert --</subfield>
    <subfield code="t">2. Estructura microsc&#xF3;pica de los tejidos animales --</subfield>
    <subfield code="t">3. Composici&#xF3;n qu&#xED;mica de los tejidos animales :</subfield>
    <subfield code="r">Prote&#xED;nas / C. E. Bodwell y P. E. McClain --</subfield>
    <subfield code="r">Grasas / R. L. Dugan, Jr. --</subfield>
    <subfield code="r">Carbohidratos / R. A. Merkel --</subfield>
    <subfield code="r">Componentes inorg&#xE1;nicos / R. A. Merkel --</subfield>
    <subfield code="r">Agua / J. Wismer-Pedersen --</subfield>
    <subfield code="t">4. Funci&#xF3;n del m&#xFA;sculo y cambios post-morten /</subfield>
    <subfield code="r">A. M. Pearson --</subfield>
    <subfield code="t">5. Microbiolog&#xED;a de la carne /</subfield>
    <subfield code="r">R. V. Lechwich --</subfield>
    <subfield code="t">6. Contenido en nutrientes y valor nutritivo de la carne y productos c&#xE1;rnicos /</subfield>
    <subfield code="r">E. E. Rice --</subfield>
    <subfield code="t">7. Caracter&#xED;sticas organol&#xE9;pticas de la carne :</subfield>
    <subfield code="r">Factores que afectan a la calidad organol&#xE9;ptica y evaluaci&#xF3;n / L. J. Bratzler --</subfield>
    <subfield code="r">Qu&#xED;mica del aroma de la carne / Irwin Hornstein --</subfield>
    <subfield code="a">PARTE 2: CIENCIA DEL PROCESADO DE LA CARNE --</subfield>
    <subfield code="t">8. Calidad de la carne /</subfield>
    <subfield code="r">E. J. Briskey y R. G. Kauffman --</subfield>
    <subfield code="t">9. Conservaci&#xF3;n de la carne /</subfield>
    <subfield code="r">W. M. Urbain --</subfield>
    <subfield code="t">10. Carnes crudas :</subfield>
    <subfield code="r">Curado de la carne / John Bard y W. E. Townsend --</subfield>
    <subfield code="r">Factores que influyen en la calidad de las carnes curadas / W. E. Townsend y John Bard --</subfield>
    <subfield code="t">11. Embutidos /</subfield>
    <subfield code="r">W. E. Kramlich --</subfield>
    <subfield code="t">12. Envasado /</subfield>
    <subfield code="r">John M. Ramsbottom --</subfield>
    <subfield code="t">13. Subproductos :</subfield>
    <subfield code="r">Grasas de origen animal / L. R. Dugan, Jr. --</subfield>
    <subfield code="r">Piensos / O. H. M. Wilder --</subfield>
    <subfield code="r">Pieles y tripas naturales / J. Naghski --</subfield>
    <subfield code="r">Subproductos miscel&#xE1;neos / James B. Lesh --</subfield>
    <subfield code="t">14. Control de calidad y sanidad /</subfield>
    <subfield code="r">J. F. Price --</subfield>
    <subfield code="g">&#xCD;ndice</subfield>
  </datafield>
  <datafield tag="520" ind1="2" ind2=" ">
    <subfield code="a">En los diez a&#xF1;os transcurridos desde que se public&#xF3; la primera edici&#xF3;n de The Science of Meat and Meat Products&#xBB; obra escrita en Su totalidad por miembros del equipo de investigaci&#xF3;n de la American Meat Institute Foundation- ha sido adquirida nueva e importante informaci&#xF3;n que nos ha hecho sentir la conveniencia de publicar una nueva edici&#xF3;n. Despu&#xE9;s de consultar a nuestros colegas del Departamento de Ciencia de los Alimentos de la Universidad del Estado de Michigan y a otros l&#xED;deres del pa&#xED;s en el campo de la ciencia de la carne, decidimos adoptar el mismo formato general que en la primera edici&#xF3;n, Como en la anterior edici&#xF3;n, en la primera parte de la obra se expone la ciencia b&#xE1;sica de la carne y en la segunda se describe su aplicaci&#xF3;n al procesado y conservaci&#xF3;n de la carne y productos c&#xE1;rnicos. Se persigue igualmente el objetivo de que la informaci&#xF3;n resulte &#xFA;til y asequible a un amplio sector y de que la obra constituya una fuente de referencia para estudiantes universitarios y para graduados en ciencia de los alimentos, ciencia de la carne, Ciencia animal y campos afines, as&#xED; como para el personal cient&#xED;fico de las industrias de la alimentaci&#xF3;n y similares y de los organismos oficiales. Hemos ampliado considerablemente algunos temas, como la qu&#xED;mica de las prote&#xED;nas, la estructura microsc&#xF3;pica de la carne, el agua, los cambios ante-mortem y post-mortem (incluida la contracci&#xF3;n muscular y el mortis) y la qu&#xED;mica de los componentes del aroma de la carne. Los aspectos del control de calidad y sanidad han sido completamente reorganizados en un &#xFA;ltimo cap&#xED;tulo adicional.&#xA0;</subfield>
  </datafield>
  <datafield tag="650" ind1="1" ind2="3">
    <subfield code="a">Carne  </subfield>
    <subfield code="9">19053</subfield>
    <subfield code="2">atg</subfield>
  </datafield>
  <datafield tag="650" ind1="1" ind2="3">
    <subfield code="a">Ciencia de la carne</subfield>
    <subfield code="9">138316</subfield>
    <subfield code="2">atg</subfield>
  </datafield>
  <datafield tag="650" ind1="1" ind2="3">
    <subfield code="a">Industria y comercio de la carne  </subfield>
    <subfield code="9">138318</subfield>
    <subfield code="2">atg</subfield>
  </datafield>
  <datafield tag="650" ind1="1" ind2="3">
    <subfield code="a">Meat  </subfield>
    <subfield code="9">150746</subfield>
    <subfield code="2">atg</subfield>
  </datafield>
  <datafield tag="650" ind1="1" ind2="3">
    <subfield code="a">Meat science</subfield>
    <subfield code="9">153829</subfield>
    <subfield code="2">atg</subfield>
  </datafield>
  <datafield tag="650" ind1="1" ind2="3">
    <subfield code="a">Meat industry and trade</subfield>
    <subfield code="9">151411</subfield>
    <subfield code="2">atg</subfield>
  </datafield>
  <datafield tag="700" ind1="1" ind2=" ">
    <subfield code="a">Price, James F.</subfield>
    <subfield code="9">91580</subfield>
    <subfield code="e">editor</subfield>
  </datafield>
  <datafield tag="700" ind1="1" ind2=" ">
    <subfield code="a">Schweigert, B. S.</subfield>
    <subfield code="9">151414</subfield>
    <subfield code="e">editor</subfield>
  </datafield>
  <datafield tag="700" ind1="1" ind2=" ">
    <subfield code="a">Barrado, A. Marcos</subfield>
    <subfield code="9">153830</subfield>
    <subfield code="e">traductor</subfield>
  </datafield>
  <datafield tag="901" ind1=" " ind2=" ">
    <subfield code="a">664.92 C54 1976</subfield>
  </datafield>
  <datafield tag="902" ind1=" " ind2=" ">
    <subfield code="a">M</subfield>
  </datafield>
  <datafield tag="905" ind1=" " ind2=" ">
    <subfield code="a">5232271976                          sp aimn8222223322SPA16</subfield>
  </datafield>
  <datafield tag="942" ind1=" " ind2=" ">
    <subfield code="c">LIBRO</subfield>
    <subfield code="2">ddc</subfield>
  </datafield>
  <datafield tag="999" ind1=" " ind2=" ">
    <subfield code="c">173491</subfield>
    <subfield code="d">173491</subfield>
  </datafield>
  <datafield tag="952" ind1=" " ind2=" ">
    <subfield code="0">0</subfield>
    <subfield code="1">0</subfield>
    <subfield code="2">ddc</subfield>
    <subfield code="4">0</subfield>
    <subfield code="5">5</subfield>
    <subfield code="7">0</subfield>
    <subfield code="8">GRAL</subfield>
    <subfield code="a">IA_</subfield>
    <subfield code="b">IA_</subfield>
    <subfield code="d">1986-09-05</subfield>
    <subfield code="e">Compra</subfield>
    <subfield code="l">11</subfield>
    <subfield code="m">2</subfield>
    <subfield code="o">664.92 C54 1976</subfield>
    <subfield code="p">1102002608</subfield>
    <subfield code="r">2026-04-15 16:26:57</subfield>
    <subfield code="s">2026-02-26</subfield>
    <subfield code="t">Ej. 3</subfield>
    <subfield code="y">LIBRO</subfield>
  </datafield>
  <datafield tag="952" ind1=" " ind2=" ">
    <subfield code="0">0</subfield>
    <subfield code="1">0</subfield>
    <subfield code="2">ddc</subfield>
    <subfield code="4">0</subfield>
    <subfield code="5">1</subfield>
    <subfield code="7">0</subfield>
    <subfield code="8">GRAL</subfield>
    <subfield code="a">IA_</subfield>
    <subfield code="b">IA_</subfield>
    <subfield code="e">Compra</subfield>
    <subfield code="l">11</subfield>
    <subfield code="o">664.92 C54 1976</subfield>
    <subfield code="p">1102001048</subfield>
    <subfield code="r">2025-02-27 15:58:04</subfield>
    <subfield code="s">2025-02-27</subfield>
    <subfield code="t">Ej. 1</subfield>
    <subfield code="y">LIBRO</subfield>
  </datafield>
  <datafield tag="952" ind1=" " ind2=" ">
    <subfield code="0">0</subfield>
    <subfield code="1">0</subfield>
    <subfield code="2">ddc</subfield>
    <subfield code="4">0</subfield>
    <subfield code="5">5</subfield>
    <subfield code="7">0</subfield>
    <subfield code="8">GRAL</subfield>
    <subfield code="a">IA_</subfield>
    <subfield code="b">IA_</subfield>
    <subfield code="d">1986-09-05</subfield>
    <subfield code="e">Compra</subfield>
    <subfield code="i">132523</subfield>
    <subfield code="l">10</subfield>
    <subfield code="m">10</subfield>
    <subfield code="o">664.92 C54 1976</subfield>
    <subfield code="p">1102002607</subfield>
    <subfield code="q">2026-03-06</subfield>
    <subfield code="r">2026-02-20 17:38:04</subfield>
    <subfield code="s">2026-02-20</subfield>
    <subfield code="t">Ej. 2</subfield>
    <subfield code="y">LIBRO</subfield>
  </datafield>
</record>
